Gemeinden Landkreis Donau-Ries - Statistiken

Allgemein
  • Dieses Quiz wurde 249 mal gespielt
  • Das Durchschnittsergebnis liegt bei 14 aus 44
Antwortstatistiken
Einwohner Gemeindeart Gemeindename % Korrekt
20.546 Große Kreisstadt Nördlingen
100%
19.590 Große Kreisstadt Donauwörth
97%
5.151 Stadtgemeinde Oettingen in Bayern
74%
5.828 Stadtgemeinde Wemding
71%
5.561 Stadtgemeinde Harburg (Schwaben)
69%
8.891 Stadtgemeinde Rain
63%
5.149 Stadtgemeinde Monheim
51%
4.727 Gemeinde Asbach-Bäumenheim
49%
3.390 Marktgemeinde Wallerstein
46%
1.666 Gemeinde Alerheim
40%
3.888 Marktgemeinde Kaisheim
37%
4.045 Gemeinde Mertingen
37%
1.814 Gemeinde Deiningen
34%
1.311 Gemeinde Marktoffingen
34%
785 Gemeinde Otting
34%
3.828 Gemeinde Tapfheim
34%
1.306 Gemeinde Reimlingen
31%
2.605 Gemeinde Möttingen
29%
849 Gemeinde Amerdingen
26%
2.067 Gemeinde Fremdingen
26%
1.202 Gemeinde Genderkingen
26%
2.572 Gemeinde Oberndorf am Lech
26%
1.098 Gemeinde Wolferstadt
26%
1.640 Gemeinde Huisheim
23%
1.212 Gemeinde Maihingen
23%
1.415 Gemeinde Mönchsdeggingen
23%
660 Gemeinde Rögling
23%
1.098 Gemeinde Tagmersheim
23%
794 Gemeinde Daiting
20%
1.138 Gemeinde Ederheim
20%
1.304 Gemeinde Fünfstetten
20%
589 Gemeinde Hohenaltheim
20%
2.608 Gemeinde Marxheim
20%
1.745 Gemeinde Munningen
20%
1.515 Gemeinde Niederschönenfeld
20%
1.432 Gemeinde Wechingen
20%
1.849 Gemeinde Buchdorf
17%
776 Gemeinde Ehingen am Ries
17%
1.423 Gemeinde Hainsfarth
11%
808 Gemeinde Megesheim
11%
1.187 Gemeinde Münster
11%
1.014 Gemeinde Auhausen
9%
557 Gemeinde Forheim
3%
1.150 Gemeinde Holzheim
3%
Keine übereinstimmenden Quizze gefunden
Verteilung der Resultate
Anzahl Personen mit jedem Resultat
Perzentil nach korrekt beantworteten Fragen
Ihre Resultats-Entwicklung
Sie haben dieses Quiz noch nicht gespielt